In no country: Mountains - Statistics

General Stats
  • This quiz has been taken 8 times
    5 since last reset
  • The average score is 14 of 20
Answer Stats
Peak Territory % Correct
Rock of Gibraltar Gibraltar
100%
Olympus Mons Mars
100%
Mount Hebron Palestine
100%
Vinson Massif Antarctica
75%
Mount Tumbledown Falkland Islands
75%
Slættaratindur Faroe Islands
75%
Sermitsiaq Greenland
75%
Snaefell Isle of Man
75%
Soufrière Hills volcano Montserrat
75%
Mont Panié New Caledonia
75%
Cerro Saliente Puerto Rico
75%
Mount Paget South Georgia
75%
Mont Orohena Tahiti
75%
Mount ʻAlava American Samoa
50%
Hooiberg Aruba
50%
Jabal Tawil Bir Tawil
50%
Te Manga Cook Islands
50%
Ceresfjellet Spitsbergen
50%
Crown Mountain US Virgin Islands
50%
Le Moulin Sark
25%
No matching quizzes found
Score Distribution
Percent of People with Each Score
Percentile by Number Answered
Your Score History
You have not taken this quiz since the last reset